LEADER 03091oas 2201165 a 450 001 9910146788003321 005 20251016213013.0 011 $a2325-8128 035 $a(DE-599)ZDB2203249-6 035 $a(OCoLC)61496687 035 $a(CONSER) 2005237235 035 $a(CKB)1000000000025019 035 $a(EXLCZ)991000000000025019 100 $a20050914b19421946 uy a 101 0 $aeng 135 $aurbnu|||||||| 181 $ctxt$2rdacontent 182 $cc$2rdamedia 183 $acr$2rdacarrier 200 10$aCalifornia folklore quarterly 210 $aBerkeley, Calif. $cUniversity of California Press$d1942-1946 300 $aTitle from title screen (JSTOR, viewed Sept. 14, 2005). 311 08$a1556-1283 606 $aFolklore$vPeriodicals 606 $aFolklore$zWest (U.S.)$vPeriodicals 606 $aFolklore$3(CaQQLa)201-0043432$vPe?riodiques$3(CaQQLa)201-0378307 606 $aFolklore$3(CaQQLa)201-0043432$zCalifornie$3(CaQQLa)201-0460772 606 $aAnthropologie$3(CaQQLa)201-0066769$vPe?riodiques$3(CaQQLa)201-0378307 606 $aLitte?rature$vPe?riodiques$3(CaQQLa)201-0382764 606 $aFolklor$2dbn 606 $aFolklore$2fast$3(OCoLC)fst00930306 606 $aVolkskultur$2gnd 606 $aVolkskultur$2swd$3(DE-101)040638499 606 $aFolklore$2thub 607 $aCalifornie$vPe?riodiques 607 $aWest United States$2fast 607 $aUSA$xWeststaaten$2gnd 607 $aUSA$xWeststaaten$2swd 607 $aEstats Units d'Amèrica$2thub 608 $aperiodicals.$2aat 608 $aCzasopismo etnograficzne.$2dbn 608 $aPeriodicals.$2fast 608 $aPeriodicals.$2lcgft 608 $aPe?riodiques.$2rvmgf 608 $aZeitschrift.$2swd 608 $aElektronische Publikation.$2swd 608 $aRevistes electròniques.$2thub 615 0$aFolklore 615 0$aFolklore 615 6$aFolklore 615 6$aFolklore 615 6$aAnthropologie 615 6$aLitte?rature 615 7$aFolklor. 615 7$aFolklore. 615 7$aVolkskultur. 615 7$aVolkskultur. 615 7$aFolklore. 676 $a398/.05 712 02$aCalifornia Folklore Society 801 0$bEYM 801 1$bEYM 801 2$bHUL 801 2$bOCLCS 801 2$bGWDNB 801 2$bOCLCE 801 2$bOCLCQ 801 2$bDLC 801 2$bGBVCP 801 2$bOCLCQ 801 2$bOCLCO 801 2$bOCLCF 801 2$bOCLCO 801 2$bOCLCQ 801 2$bDEBBG 801 2$bGILDS 801 2$bOCLCO 801 2$bOCLCA 801 2$bVT2 801 2$bNJT 801 2$bOCLCO 801 2$bUKBTH 801 2$bOCLCO 801 2$bOCL 801 2$bSFB 801 2$bBWN 801 2$bCEF 801 2$bCN4UL 801 2$bOCLCL 801 2$bSRU 801 2$bVLY 801 2$bQGK 801 2$bORU 801 2$bOCLCA 801 2$bOCLCQ 801 2$bOCLCL 906 $aJOURNAL 912 $a9910146788003321 996 $aCalifornia folklore quarterly$92247890 997 $aUNINA